People stronger:the collectivization of MSM and TG groups in India (Record no. 124085)

MARC details
000 -LEADER
fixed length control field 00961nam a2200361Ia 4500
003 - CONTROL NUMBER IDENTIFIER
control field OSt
005 - DATE AND TIME OF LATEST TRANSACTION
control field 20260408161947.0
008 - FIXED-LENGTH DATA ELEMENTS--GENERAL INFORMATION
fixed length control field 210210b2013 xxu||||| |||| 00| 0 eng d
020 ## - INTERNATIONAL STANDARD BOOK NUMBER
International Standard Book Number 9788132110019
040 ## - CATALOGING SOURCE
Transcribing agency AL
041 ## - LANGUAGE CODE
Language code of text/sound track or separate title Hindi
082 ## - DEWEY DECIMAL CLASSIFICATION NUMBER
Classification number 306.7660954 SINP
100 ## - MAIN ENTRY--PERSONAL NAME
Personal name SING (Suneeta)
9 (RLIN) 260926
245 ## - TITLE STATEMENT
Title People stronger:the collectivization of MSM and TG groups in India
260 ## - PUBLICATION, DISTRIBUTION, ETC.
Place of publication, distribution, etc. London
Name of publisher, distributor, etc. Sage Publications
Date of publication, distribution, etc. 2013
300 ## - PHYSICAL DESCRIPTION
Extent 158
650 ## - SUBJECT ADDED ENTRY--TOPICAL TERM
Topical term or geographic name entry element transgender
9 (RLIN) 260927
650 ## - SUBJECT ADDED ENTRY--TOPICAL TERM
Topical term or geographic name entry element Third Gender
9 (RLIN) 260928
650 ## - SUBJECT ADDED ENTRY--TOPICAL TERM
Topical term or geographic name entry element stronger:the
9 (RLIN) 260929
650 ## - SUBJECT ADDED ENTRY--TOPICAL TERM
Topical term or geographic name entry element People
9 (RLIN) 260930
650 ## - SUBJECT ADDED ENTRY--TOPICAL TERM
Topical term or geographic name entry element MSM
9 (RLIN) 260931
650 ## - SUBJECT ADDED ENTRY--TOPICAL TERM
Topical term or geographic name entry element LGBT
9 (RLIN) 260932
650 ## - SUBJECT ADDED ENTRY--TOPICAL TERM
Topical term or geographic name entry element Lesbian
9 (RLIN) 260933
650 ## - SUBJECT ADDED ENTRY--TOPICAL TERM
Topical term or geographic name entry element India
9 (RLIN) 260934
650 ## - SUBJECT ADDED ENTRY--TOPICAL TERM
Topical term or geographic name entry element groups
9 (RLIN) 260935
650 ## - SUBJECT ADDED ENTRY--TOPICAL TERM
Topical term or geographic name entry element gay
9 (RLIN) 260936
650 ## - SUBJECT ADDED ENTRY--TOPICAL TERM
Topical term or geographic name entry element collectivization
9 (RLIN) 260937
650 ## - SUBJECT ADDED ENTRY--TOPICAL TERM
Topical term or geographic name entry element bisexual
9 (RLIN) 260938
690 ## - LOCAL SUBJECT ADDED ENTRY--TOPICAL TERM (OCLC, RLIN)
Topical term or geographic name as entry element Sexes
9 (RLIN) 260939
700 ## - ADDED ENTRY--PERSONAL NAME
Personal name DASGUPTA (Sangita)
9 (RLIN) 260940
906 ## - LOCAL DATA ELEMENT F, LDF (RLIN)
a 074295
942 ## - ADDED ENTRY ELEMENTS (KOHA)
Source of classification or shelving scheme Dewey Decimal Classification
Koha item type Book
Holdings
Withdrawn status Lost status Source of classification or shelving scheme Damaged status Not for loan Collection code Home library Current library Shelving location Date acquired Source of acquisition Cost, normal purchase price Total Checkouts Full call number Barcode Date last seen Price effective from Koha item type
    Dewey Decimal Classification     Social Work St Aloysius Library St Aloysius Library   02/17/2021 Sapna Book House Pvt Ltd, K S Rao Road, Mangalore 425.00   306.7660954 SINP 074295 02/17/2021 02/17/2021 Book